Video Games by Screenshots 6 - Statistics

General Stats
  • This quiz has been taken 36 times
  • The average score is 6 of 16
Answer Stats
Picture Answer % Correct
The Sims 4
82%
Tomb Raider
82%
Stumble Guys
71%
The Witcher 3
61%
Skyrim
46%
Civilization 6
36%
Sniper Elite 3
29%
Thief Simulator
29%
Batman Arkham City
21%
Sleeping Dogs
18%
Stranded Deep
18%
Ryse
14%
TerraTech
14%
Crysis 3
11%
Stronghold Crusader
11%
Supermarket Together
7%
No matching quizzes found
Score Distribution
Percent of People with Each Score
Percentile by Number Answered
Your Score History
You have not taken this quiz